000 01025cam a22003014a 4500
999 _c3096
_d3096
001 2630209
003 GBCCL
005 20241126110447.0
008 990322s1999 cau b 000 0 eng
010 _a 99023011
020 _a0830724982 (hardcover)
020 _a0830724931 (trade pbk.)
035 _a(DLC) 99023011
040 _aDLC
_cDLC
_dDLC
042 _apcc
050 0 0 _aBV4501.2
_b.H457 1999
082 0 0 _a243
_221
_bHIL
100 1 _aHill, Stephen,
_d1954-
_96423
245 1 0 _aKnockin' at heaven's door /
_cStephen Hill.
260 _aVentura, Calif. :
_bRegal Books,
_cc1999.
300 _a178 p. ;
_c23 cm.
504 _aIncludes bibliographical references.
650 0 _aChristian life
_xAssemblies of God authors.
_92367
906 _a7
_bcbc
_corignew
_d1
_eocip
_f19
_gy-gencatlg
942 _2ddc
_cBK